Captain America: Civil War (2016): Characters by Picture - Statistics

General Stats
  • This quiz has been taken 121 times
  • The average score is 17 of 21
Answer Stats
Picture Answer % Correct
Captain America
100%
Iron Man
100%
Black Panther
99%
Black Widow
99%
Spider-Man
99%
Vision
99%
Winter Soldier
99%
Hawkeye
98%
Wanda Maximoff
98%
Falcon
97%
Giant-Man
97%
War Machine
95%
Stan Lee
85%
May Parker
81%
Baron Zemo
72%
Sharon Carter
72%
Thaddeus Ross
70%
Crossbones
59%
T'Chaka
57%
Everett K. Ross
38%
Ayo
31%
No matching quizzes found
Score Distribution
Percent of People with Each Score
Percentile by Number Answered
Your Score History
You have not taken this quiz